[Event "Monte Carlo FIDE GP (Women)"]
[Site "Monte Carlo"]
[Date "2015.10.08"]
[Round "5"]
[White "Pogonina, Natalija"]
[Black "Stefanova, Antoaneta"]
[Result "0-1"]
[WhiteElo "2445"]
[BlackElo "2500"]
[Annotator "Schulz,Andre"]
[PlyCount "226"]
[EventDate "2015.10.03"]
[EventType "tourn"]
[EventRounds "11"]
[EventCountry "MNC"]
[EventCategory "11"]
[SourceTitle "CBM 169"]
[Source "ChessBase"]
[SourceDate "2015.11.10"]
[SourceVersion "1"]
[SourceVersionDate "2015.11.10"]
[SourceQuality "1"]

1. d4 d5 2. c4 c6 3. Nf3 Nf6 4. Nc3 e6 5. e3 Nbd7 6. Qc2 Bd6 7. Bd3 O-O 8. O-O
dxc4 9. Bxc4 e5 10. Bb3 h6 11. h3 Re8 12. Nh4 Nf8 13. dxe5 Bxe5 14. Rd1 Qe7 15.
Nf5 Qc5 16. Nd4 Ne6 17. Nf3 Bc7 18. e4 Qh5 19. Nd5 cxd5 20. exd5 Bb6 21. dxe6
Bxe6 22. Bxe6 Rxe6 23. Bf4 Rae8 24. Re1 Ne4 25. Be3 Bxe3 26. Rxe3 Ng5 27. Nxg5
Rxe3 {[#]} 28. fxe3 ({Eine interessante Möglichkeit war} 28. Qh7+ Kf8 29. Qh8+
Ke7 30. Qxg7 Re2 31. Nf3 {Weiß hat zwei Bauern für die Qaulität und der
schwarze König steht unsicher.}) 28... Qxg5 29. Re1 Rxe3 30. Qc8+ Kh7 31. Qc2+
g6 32. Rf1 Qe7 33. Qd2 Kg8 34. Rc1 a6 35. Rc8+ Kg7 36. Qd4+ Qe5 37. Qxe5+ Rxe5
{[#] Hier beginnt der Teil für die Freunde des Turmendspiels. Kann Schwarz
seinen Mehrbauern verwerten?} 38. Rc7 Rb5 39. b3 h5 40. h4 Kf6 41. Kf2 Rb4 42.
g3 Ke6 43. Kf3 a5 44. Ke3 b6 45. Rb7 f6 46. Kf3 Kf5 47. Rb8 Rb5 48. Rb7 Ke5 49.
Ke3 Rb4 50. Rb8 Kd5 51. Rf8 Re4+ 52. Kf3 Re6 53. Rg8 f5 54. Rc8 Re4 55. Rg8 Rg4
56. Rc8 a4 57. bxa4 Rxa4 58. Rg8 Rg4 59. a4 Ke5 60. Re8+ Kf6 61. Ra8 Kg7 62.
Ra6 Rb4 63. a5 bxa5 64. Rxa5 Rg4 {[#] Drei gegen zwei Bauern an einem Flügel
ist normalerweise remis.} 65. Ra7+ Kf6 66. Ra6+ Ke5 67. Ra5+ Kd6 68. Ra6+ Kc5
69. Rf6 Kd5 70. Ra6 Ke5 71. Ra5+ Kf6 72. Ra6+ Kg7 73. Ra7+ Kh6 74. Ra6 Re4 75.
Ra7 Re6 76. Kf4 Re1 77. Kf3 Rf1+ 78. Kg2 Rd1 79. Kf3 Rd8 80. Kf4 Re8 81. Rb7
Re4+ 82. Kf3 Ra4 83. Rc7 Rg4 84. Rf7 Ra4 85. Rb7 Ra8 86. Kf4 Rg8 87. Ra7 Rg7
88. Ra4 Re7 89. Rb4 Re1 90. Rb7 Rf1+ 91. Ke3 {[#] Nach langem Umherziehen
unternimmt Schwarz etwas. An der Beurteilung ändert sich aber dadurch nichts.}
f4+ 92. gxf4 Rh1 93. f5 Rh3+ 94. Kf4 Rxh4+ 95. Ke5 Ra4 96. f6 (96. fxg6 Kxg6 {
ist remis.}) 96... g5 {[#]} 97. f7 $2 (97. Rb8 Rf4 98. Rh8+ $11) 97... Rf4 $19
98. Ke6 Kg7 $2 (98... Kg6 {gewinnt. Weiß kann nichts ziehen. Die schwarzen
Bauern laufen einfach durch.}) 99. f8=Q+ Kxf8 {[#]} 100. Rh7 $2 (100. Rb5 {
macht Remis.} h4 (100... Rg4 101. Kf6 $11) (100... Kg7 101. Rxg5+ Kh6 102. Rf5
(102. Rg3 $11)) 101. Rxg5 h3 102. Rh5 $11) 100... h4 {Nun ist das Endspiel
gewonnen.} 101. Rh5 Rg4 102. Kf5 Rg3 103. Rh7 h3 104. Kf6 {Dem Mattangriff
muss man allerdings noch ausweichen.} Ke8 105. Ke6 Kd8 106. Kd6 Kc8 107. Kc6
Kb8 108. Kb6 Rb3+ 109. Kc6 g4 110. Rh4 Rb1 111. Rh7 Rb2 112. Rh4 h2 113. Rh7 g3
0-1

[Event "Belgrade Investbank"]
[Site "Belgrade"]
[Date "1995.??.??"]
[Round "7"]
[White "Kramnik, Vladimir"]
[Black "Shirov, Alexei"]
[Result "1/2-1/2"]
[WhiteElo "2730"]
[BlackElo "2695"]
[Annotator "Shirov,A"]
[PlyCount "115"]
[EventDate "1995.11.??"]
[EventType "tourn"]
[EventRounds "11"]
[EventCountry "YUG"]
[EventCategory "17"]
[SourceTitle "CBM 051"]
[Source "ChessBase"]
[SourceDate "1996.04.01"]
[SourceVersion "1"]
[SourceVersionDate "1996.04.01"]
[SourceQuality "1"]

1. Nf3 d5 2. d4 c6 3. c4 Nf6 4. Nc3 e6 5. e3 Nbd7 6. Qc2 Bd6 7. Bd3 O-O 8. Bd2
Qe7 9. O-O dxc4 10. Bxc4 b5 $146 (10... e5 {Bagirov,V - Mukhametov,E, Erfurt
1994 - 62/481}) 11. Bd3 Bb7 12. e4 $1 (12. Ng5 h6 13. Nge4 Bxh2+ 14. Kxh2 Ng4+
15. Kg3 (15. Kg1 Qh4 16. Rfe1 f5 17. Ng3 c5 $1 $40) 15... f5 16. f3 fxe4 17.
Nxe4 Ngf6 $13) 12... e5 13. Ne2 c5 $2 14. Ng3 g6 (14... c4 $2 15. Nf5 Qe6 16.
d5 Qxf5 (16... cxd3 17. dxe6 dxc2 18. Nxd6 $18) 17. exf5 cxd3 18. Qxd3 e4 19.
Qxb5 $18) 15. dxe5 Nxe5 16. Bxb5 $16 Nfg4 $8 17. Nxe5 Bxe5 18. Bc3 Qh4 19. h3 {
[#]} Ne3 20. fxe3 Qxg3 (20... Bxg3 21. Bd3 $16) 21. Bxe5 Qxe5 22. Rf4 Kg7 23.
Rc1 Rac8 24. Qc3 Qxc3 25. Rxc3 Rfd8 26. Ra3 g5 27. Rf2 Rd1+ 28. Kh2 Ra8 29. Bc4
Rd7 30. e5 Be4 31. Ra6 Re7 32. e6 fxe6 33. Rxe6 Rxe6 34. Bxe6 Rd8 35. Bf5 Rf8
36. g4 h5 37. Kg3 $2 (37. Kg1 Bxf5 (37... Bd5 38. e4 $1 Bxa2 39. b4 $18 {Muse})
38. Rxf5 Rxf5 39. gxf5 Kf6 40. e4 a5 41. Kf2 Ke5 42. Ke3 Kf6 43. h4 $1 g4 44.
Kf4 Ke7 45. e5 Kf7 46. e6+ Kf6 47. Ke4 a4 48. Kf4 Kg7 49. Ke5 g3 50. f6+ Kg6
51. e7 Kf7 52. Kd6 g2 53. Kd7 g1=Q 54. e8=Q+ Kxf6 55. Qh8+ $18) 37... h4+ 38.
Kh2 Re8 39. Bxe4 Rxe4 40. Rf5 Kg6 $10 41. Rxc5 Rxe3 42. Rb5 Kf6 43. a4 a6 44.
Rf5+ Kg6 45. b4 Re4 46. Ra5 Rxb4 47. Rxa6+ Kg7 48. a5 Rb3 49. Kg2 Rb2+ (49...
Ra3 $2 50. Ra7+ Kf6 51. Ra8 Kg7 $2 52. a6 Kh7 53. a7 Kg7 54. Kf2 Kh7 55. Ke2
Kg7 56. Kd2 Kh7 57. Kc2 Kg7 58. Kb2 Ra6 59. Kc3 Ra1 60. Kb4 Rb1+ 61. Kc5 Ra1
62. Kc6 $1 Rc1+ (62... Ra2 63. Rd8 Rxa7 64. Rd7+ Rxd7 65. Kxd7 Kf6 66. Kd6 $18)
63. Kd6 Rd1+ 64. Ke6 Ra1 (64... Re1+ 65. Kf5 $18) 65. Rd8 Ra6+ 66. Rd6 Rxa7 67.
Rd7+ $18) 50. Kg1 Rb1+ 51. Kg2 Rb2+ 52. Kf3 Rb3+ 53. Ke4 Rxh3 54. Kf5 Rf3+ 55.
Kxg5 h3 56. Rg6+ Kf7 57. Rh6 Kg7 58. Rg6+ 1/2-1/2

[Event "Shanghai Masters"]
[Site "Shanghai"]
[Date "2010.09.04"]
[Round "2"]
[White "Aronian, Levon"]
[Black "Shirov, Alexei"]
[Result "1/2-1/2"]
[WhiteElo "2783"]
[BlackElo "2749"]
[Annotator "Stohl,I"]
[PlyCount "106"]
[EventDate "2010.09.03"]
[EventType "tourn"]
[EventRounds "6"]
[EventCountry "CHN"]
[EventCategory "21"]
[SourceTitle "CBM 138"]
[Source "ChessBase"]
[SourceDate "2010.09.17"]
[SourceVersion "1"]
[SourceVersionDate "2010.09.17"]
[SourceQuality "1"]

1. d4 d5 2. c4 c6 3. Nf3 Nf6 4. Nc3 e6 5. e3 Nbd7 6. Qc2 Bd6 7. Be2 O-O 8. O-O
dxc4 9. Bxc4 b5 10. Be2 (10. Bd3 {can actually transpose into Meran lines with
the continuation 8...Bd6, for example} Bb7 {The most topical line is} 11. a3 (
11. e4 e5 12. h3 Re8 (12... exd4 13. Nxd4 Re8 14. Rd1 Qc7 15. Bg5 h6 16. Be3
Rad8 17. Rac1 a6 18. Nf5 Bf4 19. Nd5 Nxd5 20. exd5 Bxe3 21. d6 Bxf2+ 22. Qxf2
Qb6 23. Ne7+ $44 {Navara,D (2638)-Grigoriants,S (2565)/EU-ch Budva/2009/}) 13.
dxe5 Nxe5 14. Nxe5 Bxe5 15. Be3 Qe7 16. Rfd1 a6 17. Ne2 c5 18. Bxc5 Qc7 19. f3
Bxb2 20. Qxb2 Qxc5+ 21. Qd4 Qe7 22. Bc2 Bd5 $6 (22... Bc8 $142 23. Bb3 Be6) 23.
exd5 Qxe2 24. Bb3 a5 25. d6 $36 {Topalov,V (2791)-Aronian,L (2757)/Nanjing/
2008/ Both these games featured the Meran, not Anti-Meran move order.}) 11...
a6 12. b4 a5 13. Rb1 axb4 14. axb4 Qe7 15. e4 e5 16. Ne2 (16. dxe5 Nxe5 17.
Nxe5 Bxe5 18. Ne2 Qe6 19. f4 Ra2 20. Qd1 {has fallen into oblivion due to the
fantastic} Ba1 $3 {/\} 21. e5 $2 c5 $1 22. exf6 Bd4+ 23. Rf2 Bxf2+ 24. Kxf2 Qd5
25. Bb2 Qxg2+ 26. Ke1 c4 27. Bc2 Bf3 28. fxg7 Re8 $19 {Gelfand,B (2737)-Anand,
V (2799)/Nice blindfold rpd/2008/}) 16... Bxb4 17. Ng3 {The last word in this
complex line is} Ba3 $5 (17... g6 18. dxe5 Ng4 19. e6 fxe6 20. Bg5 Qd6 21. Be2
Rf7 22. e5 $5 (22. Rbd1 Qf8 23. Nd4 (23. h3 Ngf6 (23... Nge5 $5 24. Nd4 Nc5)
24. Bxf6 Nxf6 25. Ng5 Re7 26. Qb3 Ba5 {Pashikian,A (2647)-Esen,B (2513)/WChT
Bursa/2010/} 27. Rd6 $44) 23... Nxf2 24. Nxe6 Nxd1 $1 25. Nxf8 Bc5+ 26. Kh1
Rxf1+ 27. Nxf1 Nf2+ {1/2,Kasimdzhanov,R (2672)-Leko,P (2756)/Jermuk/2009/})
22... Ngxe5 23. Ne4 Nxf3+ 24. Bxf3 Qf8 25. Bg4 Re8 26. Rfd1 Ne5 27. Bh3 $44 {
Shabalov,A (2578)-Mulyar,M (2405)/Toronto/2010/}) 18. Nf5 Qe8 19. Bg5 (19. Rb3
Bxc1 20. Rxc1 g6 21. Nd6 Qb8 {and White probably has nothing better than} 22.
Nxb7 Qxb7 23. d5 cxd5 24. Rxb5 $11) 19... Nh5 20. Qc3 (20. Be3 $5 $44) 20...
exd4 21. N3xd4 Qe5 22. Qd2 Bc5 23. Be2 Ndf6 24. Bxf6 Nxf6 25. Qg5 Nd7 {
Bukavshin,I (2430)-Potkin,V (2626)/Irkutsk/2010/} 26. Nxb5 $5 $132 {/\} cxb5
27. Rxb5 {[%cal Rb5c5,Rb5b7] /\Rb7, Rc5}) 10... Bb7 11. a3 ({White plays} 11.
Rd1 {more often, but even here Black can employ the idea we will see in the
game:} Qc7 12. e4 e5 13. g3 (13. dxe5 Nxe5 14. Nd4 {allows} Neg4 $1 {- we will
still see this motif.} (14... Ned7 $5 {is playable as well:} 15. g3 Rfe8 16. a3
a6 17. Nf5 Be5 18. Bf3 g6 19. Nh6+ Kg7 20. Bg5 c5 21. Ng4 Nxg4 22. Bxg4 f5 $5
23. exf5 Bd4 $44 {Akopian,V (2712)-Aronian,L (2768)/Jermuk/2009/}) 15. g3 Bc5
16. Bxg4 Nxg4 17. Bf4 Qb6 18. Nce2 Rfe8 19. a4 a6 20. a5 Qa7 21. f3 Ne5 22. Kg2
Bf8 23. Nf5 c5 24. Nc3 c4 {Gelfand,B (2741)-Inarkiev,E (2669)/Astrakhan/2010/}
25. b3 $5 $132 {- see also Inarkiev's notes in CBM 137.}) 13... Rfe8 {After}
14. dxe5 (14. a3 a6 15. dxe5 Nxe5 16. Bg5 Neg4 $5 (16... Nxf3+ 17. Bxf3 Qe7 {
is the solid choice, gradually preparing c5=.}) 17. h3 Bxg3 18. hxg4 Nxg4 19.
Rf1 (19. Be3 Nxe3 20. fxe3 Re6 $44 {leads to the position from our game, the
only difference is that Black's Q is more active on c7 than on b8.}) 19... h6
20. Bc1 (20. Be3 Nxe3 21. fxe3 c5 22. a4 b4 23. Nd5 Bxd5 24. exd5 Rxe3 25. Rad1
Qf4 26. d6 Qg4 $40 {Chmelik,J (2390)-Dikmen,A (2348)/corr /2000/}) 20... Rad8
21. Nh4 (21. Kg2 Bh4 22. a4 b4 23. Nd5 Qd6 24. Nf4 c5 25. Rd1 Qe7 26. Rxd8 Qxd8
$36 {><e4, Samraoui,A (2455)-Pecha,M (2349)/corr/2001/}) 21... Bxf2+ 22. Rxf2
Qg3+ 23. Rg2 Qe1+ 24. Bf1 Qxh4 25. Qe2 h5 26. Be3 $13 {Cottegnie,F (2298)
-Canizares Cuadra,P (2114)/corr/2007/}) 14... Nxe5 15. Bg5 {Black once again
has 2 main options:} Neg4 $5 {is again possible and more enterprising.} (15...
Nxf3+ 16. Bxf3 Qe7 $142 {is the sedate line, in which Black should gradually
equalise:} (16... Be5 $6 17. Bxf6 gxf6 (17... Bxf6 $2 18. Nxb5 $16) 18. Bg4 $36
) 17. Ne2 Be5 18. Bg2 Qb4 19. Rd2 Rad8 20. Rad1 Rxd2 21. Rxd2 c5 22. a3 Qa5 23.
Be3 c4 24. f3 a6 $11 {Boccia,M (2488)-Schmidt,T (2538)/corr/2007/}) 16. Bxf6 ({
Here without a3 provoking the sacrifice} 16. h3 Bxg3 17. hxg4 Nxg4 18. Rf1 h6
19. Bd2 {is risky mainly due to} b4 $1 (19... Bd6 20. Nd4 Bc8 21. Kg2 (21. Bxg4
$142 Bxg4 22. Be3 $14) 21... Qe7 22. Rh1 $6 Qf6 $1 23. Bxg4 Bxg4 24. Be3 Qg6
25. Kf1 b4 26. Nb1 Qf6 $36 {Andersen,L (2096)-Novak,J (2282)/corr/2004/ also
gave Black serious long-term compensation.}) 20. Na4 Re6 21. Nc5 Rg6 22. e5
Bxe5 23. Kh1 Bd4 24. Bd3 Bxf2 {0-1 De Sa,A (2397)-Persson,C (2594)/ICCF email
2006/Corr 2008} 25. Be1 Bxc5 26. Bxg6 (26. Qxc5 Rg5 $1 $19) 26... Bb6 27. Qe4
Nf6 28. Qc4 Re8 29. Rd1 Nd5 $17 {Ayrosa,P (2257)-Scherer,R (2331)/corr/2007/})
16... Nxf6 17. Rac1 Qe7 18. Nd4 g6 19. Bf3 Rac8 20. Nb3 a6 21. Bg2 c5 $5 22.
Rxd6 Qxd6 23. e5 Rxe5 24. Bxb7 Rce8 $44 {Illescas Cordoba,M (2626)-Harikrishna,
P (2612)/Mallorca olm/2004/}) 11... Re8 {A rare move.} ({Aronian until now has
played this line only with Black, preferring the more usual} 11... a6 12. b4 a5
13. Rb1 axb4 14. axb4 Nd5 (14... Qe7 $142 15. Qb3 Nd5 $132) 15. Ne4 $5 Be7 (
15... Bxb4 $2 16. Neg5 {[%cal Rc2h7,Re3e4] /\,Qh7, e4+-}) 16. Nc5 Nxc5 17. bxc5
Qc7 18. Rd1 Ra4 19. e4 Nf6 20. Bg5 Rfa8 21. Bxf6 Bxf6 22. e5 Be7 23. h4 Qd8 24.
h5 Ra2 25. Qe4 Qd5 26. Bd3 Qxe4 27. Bxe4 h6 28. Ne1 Bd8 29. Nc2 Ba5 $14 {
Onischuk,A (2699)-Aronian,L (2773)/EU Cup Ohrid/2009/}) 12. Rd1 (12. e4 e5 13.
Bg5 $6 (13. Rd1 $142 Qc7 14. g3 {transposes into the lines from the notes
above.}) 13... h6 14. Bh4 exd4 15. Nxd4 Qb8 16. Nf3 a5 $1 17. e5 (17. Bd3 b4
$15) 17... Bxe5 18. Nxe5 Qxe5 19. Bf3 b4 20. axb4 axb4 21. Rxa8 Bxa8 22. Na4 c5
$17 {Grivas,E (2460)-Sadler,M (2575)/Cannes/1995/}) (12. Bd2 e5 13. Rad1 a5 14.
h3 exd4 15. Nxd4 b4 16. Na4 c5 17. Nb5 Bf8 18. b3 Qb8 19. Nb2 Be4 $36 20. Bd3
$4 Qxb5 {0-1,Speelman,J (2536)-Wells,P (2513)/Hinckley Island/2009/}) 12... Qb8
(12... Qc7 13. e4 e5 $13 {seems equally playable. The only possible drawback
could be some Nxb5 blow, but there is no obvious way Whote can bring this
about.}) 13. e4 e5 14. g3 a6 {A typical move.} (14... a5 {is less harmonious,
but also not easy to refute:} 15. dxe5 (15. Bg5 $5) 15... Nxe5 16. Bg5 Nxf3+
17. Bxf3 Be5 18. Rac1 {Here the Q is well placed on b8, as White doesn't have
the Bxf6 and Nxb5 motif, mentioned in the note to 11.a3.} h6 19. Be3 Bxc3 20.
Qxc3 Nxe4 21. Bxe4 Rxe4 22. Rd7 Rc4 23. Qd2 Rxc1+ 24. Qxc1 Qc8 25. Qd2 c5 26.
Qd6 {1/2,Wang Rui (2396)-Lukacs,P (2475)/Budapest/1999/} Qc6 $11) 15. dxe5 Nxe5
16. Bg5 (16. Nd4 Bc5 (16... Ng6 17. Bf3 c5 18. Nf5 Be5 19. Nd5 Nxd5 20. exd5 c4
21. Bg2 Ne7 22. d6 Nxf5 23. d7 {Drozdovskij,Y (2552)-Sedlak,N (2519)/Ajaccio/
2006/} Bxg2 24. dxe8=Q+ Qxe8 25. Kxg2 Nd4 26. Qe4 Nb3 $44) (16... g6 17. Bg5 (
17. f4 c5 $1) 17... Ned7 {/\c5<=>}) 17. h3 (17. Ncxb5 cxb5 18. Qxc5 Nxe4 (18...
Bxe4 19. a4 $5 $14) 19. Qb6 Nf6 $132) 17... Qa7 18. Be3 g6 19. Rd2 Bb6 20. f4
$6 Ned7 21. e5 Nxe5 $1 22. fxe5 Rxe5 23. Bf2 c5 24. Nf3 {Czakon,J (2482)
-Pakleza,Z (2446)/San Sebastian/2007/} (24. Ndxb5 $5 $15) 24... Rxe2 $1 25.
Rxe2 Bxf3 $17 {[%csl Rg1] עg1}) 16... Neg4 $5 $146 {[%mdl 584] Shirov likes
to set the board on fire and uses the sacrificial idea we have already seen
above in a very similar position. Technically a novelty, this move is already
mentioned in the Rybka4 book and leads to great complications instead of some
drawish liquidation like} (16... Nxf3+ 17. Bxf3 Be5 18. Rac1 h6 (18... c5 $11)
19. Be3 c5 20. Bxc5 Bxc3 21. Qxc3 Nxe4 22. Bxe4 Bxe4 23. Bd6 Qb7 24. Qc7 Rac8
25. Qxb7 Bxb7 $11 {Maric,A (2405)-Vajda,S (2375)/EU-chTW Novi Sad/2009/}) 17.
h3 {Aronian decides to go for it.} (17. Nd4 Be5 (17... h6 18. Nf5 Be5 19. Bh4
$5 {/\} g5 $2 20. Bxg5 hxg5 21. Qc1 $40) 18. Nf5 g6 {seems OK for Black.})
17... Bxg3 (17... Bc5 18. hxg4 Qxg3+ 19. Kh1 Bxf2 (19... Qh3+ 20. Nh2 Bxf2 21.
Rd3 Bg3 22. Bf1 Qxh2+ 23. Qxh2 Bxh2 24. Bxf6 $16) 20. Nh2 $14 {is less
clear-cut.}) 18. hxg4 Nxg4 19. Be3 $5 (19. Rf1 h6 20. Bd2 c5 $1 {[%csl Rg1]
once again gives Black excellent compensation, which can easily grow into a
full-blooded -> - his pieces are active, White's K vulnerable.}) 19... Nxe3 {
Black has no way to improve his position and he shouldn't allow Bc5.} (19...
Bh2+ {is too co-operative:} 20. Kg2 $1 Nxe3+ 21. fxe3 $14 Qg3+ $2 22. Kh1 $18)
20. fxe3 {Here White's R is far better placed, but on the other hand his P are
split and consolidating the extra piece is very difficult.} Re6 $44 21. Bf1 Qa7
22. Bh3 (22. Nd4 Rf6 23. Rd2 Bc8 $13) ({Aronian wants to activate his B, but
perhaps more promising was} 22. Rd3 $5 {An unforced sample line is} Rg6 (22...
c5 23. Rd7 $14) 23. Bg2 Re8 24. Rad1 Bc8 25. Ne2 $14) 22... Rh6 (22... Qxe3+ $2
23. Kg2 Rg6 24. Bf5 Qh6 25. Rd7 $18 {White comes out a whole R up and will
convert his material advantage.}) 23. Kg2 {Logical, but} (23. Qd3 Bc7 (23...
Re8 24. Bd7 $14) 24. Bf5 $5 $13 {also deserved attention.}) 23... Bc7 24. Bf5 (
{White is not intent on protecting the Pe3,} 24. Rd3 c5 25. Nd5 c4 26. Rd4 Bd6
{/\Bc5<=>} 27. a4 $5) 24... Qxe3 $1 (24... Re8 25. Rh1 $1 $14 {/\} Rxh1 26.
Rxh1 g6 27. Bd7 Rd8 28. Nd5 $36) 25. Rd7 {Both players were running short of
time. Aronian could have already bailed out with the more circumspect} (25. Nd5
cxd5 26. Qxc7 g6 $1 (26... Qb6 27. Qxb6 Rxb6 28. e5 $36) 27. Qxb7 gxf5 $1 28.
Qxa8+ Kg7 {and White already must go for} 29. exf5 $8 Qe2+ 30. Kg3 $8 Rh3+ 31.
Kxh3 Qxf3+ $11) 25... Qf4 {[%cal Rh6h2]} 26. Qf2 (26. Ne2 Rg6+ 27. Bxg6 Qg4+
28. Kf2 Qxd7 29. Bf5 Qe7 30. Rd1 Rd8 $15) 26... Bc8 (26... g6 27. Ne2 Rh2+ (
27... Qh2+ {leads to the same position}) 28. Nxh2 Qxh2+ 29. Kf1 Qxf2+ 30. Kxf2
Bb6+ 31. Kf3 Bc8 32. Bh3 (32. Re7 Kf8 $11) 32... Bxd7 33. Bxd7 Rd8 34. Rd1 $11
{/~~}) 27. Ne2 Rh2+ 28. Nxh2 Qxh2+ 29. Kf3 $6 $138 {After a series of forced
moves White creates problems for himself.} ({With} 29. Kf1 $1 Qxf2+ (29... Qh1+
30. Qg1 {is similar}) 30. Kxf2 Bxd7 31. Bxd7 c5 32. a4 $11 {/+/= he is in no
danger of losing.}) 29... Qh5+ 30. Bg4 (30. Kg2 $2 Bxd7 31. Bxd7 Rd8 $40) 30...
Qg5 31. Rad1 Bxd7 32. Rxd7 Be5 $15 {With the Q on the board White must be
careful.} 33. b3 (33. Qc5 Qf6+ 34. Kg2 h5 $15 (34... Re8 $15)) 33... h5 34. Bf5
g6 35. Bh3 Bb2 (35... Rd8 36. Qb6 $132) ({However,} 35... Re8 $142 $15 {
seems more logical than the text-move.}) 36. Nf4 Qf6 (36... Bxa3 37. Qg2 Qxg2+
38. Bxg2 {[%cal Ye4e6] /\e5-e6<=>}) 37. Kg2 Bxa3 38. e5 Qg5+ (38... Qxe5 39.
Ne6 Qe4+ (39... Qb2 40. Rd2 Qxb3 41. Qf6 Bf8 42. Rd7 Qa2+ 43. Kg3 Qb3+ 44. Kh4
Qc4+ $11 45. Kg5 $2 Qc1+ 46. Nf4 $2 Qc5+ 47. Kh4 Qf2+ $19)) 39. Kh1 Qxe5 40.
Nxh5 $6 $138 (40. Ne6 $1 Qe4+ 41. Kh2 Qe5+ 42. Kh1 $11) 40... Rf8 $6 $138 (
40... Be7 $1 $17 {prevents Nf6.}) 41. Nf6+ Kg7 42. Ng4 Qc3 43. Kg2 Bc1 (43...
a5 44. Qe2 Bb2 45. Rd3 Qc1 46. Rd1 $11) (43... Bb2 $5) 44. Qf3 $1 Qxf3+ 45.
Kxf3 $132 {Black's P are vulnerable and he will soon lose one of them.} a5 46.
Rc7 (46. Ne5 $5 a4 47. bxa4 bxa4 48. Nd3 Bg5 49. Nc5 $11) 46... Bb2 47. Rxc6 a4
48. bxa4 bxa4 49. Bf1 Ra8 50. Rc7 a3 {Now the game heads towards a peaceful
conclusion.} ({The only way to continue the fight was} 50... Bd4 $5 {/\} 51.
Bc4 Ra7 $15 {when White is still forced to fight for the draw.}) 51. Bc4 a2 52.
Rxf7+ Kh8 53. Bxa2 Rxa2 1/2-1/2